[Event "Druga liga Srbije - Vojvodina 2008"]
[Site "Sombor"]
[Date "2008.10.04"]
[Round "6"]
[White "Galyas, Miklos"]
[Black "Saric, Sinisa"]
[Result "1/2-1/2"]
[WhiteElo "2454"]
[BlackElo "2414"]
[PlyCount "71"]
[EventDate "2008.??.??"]
[Source "Perpetual Check"]

1. d4 Nf6 2. c4 g6 3. Nc3 Bg7 4. e4 d6 5. Nf3 O-O 6. h3 Na6 7. Bg5 Qe8 8. g4 e5
9. d5 Nd7 10. Rg1 Kh8 11. Be2 Ndc5 12. a3 f5 13. gxf5 gxf5 14. exf5 Bxf5 15.
Nh4 Qf7 16. Nxf5 Qxf5 17. Be3 e4 18. Kd2 c6 19. Kc2 Be5 20. b4 Nd3 21. Bxd3
exd3+ 22. Qxd3 cxd5 23. Qxf5 Rxf5 24. Nxd5 Bxa1 25. Rxa1 Kg7 26. Rg1+ Kf7 27.
Bd4 Kf8 28. Nf6 Nc7 29. Nxh7+ Ke7 30. Ng5 Rg8 31. Re1+ Kd7 32. h4 Rf4 33. Re4
Ne6 34. Rxf4 Nxf4 35. Bxa7 Rh8 36. Nf3 1/2-1/2

[Event "Druga liga Srbije - Vojvodina 2008"]
[Site "Sombor"]
[Date "2008.10.04"]
[Round "6"]
[White "Mijovic, Stefan"]
[Black "Krejic, Igor"]
[Result "1/2-1/2"]
[WhiteElo "2287"]
[BlackElo "2273"]
[PlyCount "61"]
[EventDate "2008.??.??"]
[Source "Perpetual Check"]

1. e4 e5 2. Nf3 Nf6 3. Nc3 Bb4 4. Nxe5 O-O 5. Be2 Re8 6. Nd3 Bxc3 7. dxc3 Nxe4
8. Nf4 d6 9. O-O Nd7 10. c4 Ndf6 11. Re1 h6 12. Be3 Bf5 13. Bd3 Qd7 14. f3 Nc5
15. Bf1 Ne6 16. Nd5 Qd8 17. Qd2 c6 18. Nxf6+ Qxf6 19. b3 Red8 20. Bd3 b6 21.
Bxf5 Qxf5 22. a4 d5 23. cxd5 cxd5 24. c3 Rab8 25. Reb1 Rd6 26. Rd1 Nc5 27. Rab1
Ne6 28. Rb2 Rc8 29. a5 Qf6 30. axb6 axb6 31. Rc2 1/2-1/2

[Event "Druga liga Srbije - Vojvodina 2008"]
[Site "Sombor"]
[Date "2008.10.04"]
[Round "6"]
[White "Savanovic, Vuk"]
[Black "Levnajic, Pavle"]
[Result "1/2-1/2"]
[WhiteElo "2225"]
[BlackElo "2240"]
[PlyCount "70"]
[EventDate "2008.??.??"]
[Source "Perpetual Check"]

1. e4 e5 2. Nf3 Nc6 3. Bc4 Nf6 4. d3 Bc5 5. O-O d6 6. h3 a6 7. c3 Ba7 8. a4 O-O
9. Re1 Ne7 10. Nbd2 Ng6 11. Nf1 c6 12. Ba2 Be6 13. Ng3 Qd7 14. Bxe6 fxe6 15. d4
exd4 16. cxd4 Rae8 17. b3 Rd8 18. Ba3 Rfe8 19. e5 dxe5 20. dxe5 Qxd1 21. Raxd1
Rxd1 22. Rxd1 Nd5 23. Ne4 h6 24. g3 Rd8 25. Nc5 Bxc5 26. Bxc5 Rd7 27. a5 Kf7
28. Rd3 Ke8 29. Kf1 Rf7 30. Bd6 Nge7 31. Nd2 Nf5 32. Bc5 Rd7 33. Ke2 g5 34. Ne4
Kf7 35. Kd2 Kg6 1/2-1/2

[Event "Druga liga Srbije - Vojvodina 2008"]
[Site "Sombor"]
[Date "2008.10.04"]
[Round "6"]
[White "Sevo, Dusan"]
[Black "Medar, Zeljko"]
[Result "1/2-1/2"]
[WhiteElo "2285"]
[BlackElo "2184"]
[PlyCount "72"]
[EventDate "2008.??.??"]
[Source "Perpetual Check"]

1. e4 c5 2. Nf3 e6 3. d3 Nc6 4. g3 d5 5. Nbd2 dxe4 6. dxe4 g6 7. Bg2 Bg7 8. O-O
Nd4 9. c3 Nxf3+ 10. Qxf3 Qf6 11. Qe2 Qe7 12. Nc4 e5 13. Rd1 Be6 14. Nd6+ Kf8
15. Be3 b6 16. Rd2 Nf6 17. h3 Ne8 18. Nf5 Qc7 19. Nxg7 Kxg7 20. f4 Nd6 21. b3
f6 22. Rf1 Rad8 23. Qe1 Nf7 24. Rdf2 Rhf8 25. c4 Bc8 26. Qe2 Qd6 27. Qf3 Bb7
28. g4 exf4 29. Bxf4 Qe7 30. Qg3 g5 31. Bc1 Ne5 32. Bb2 Rde8 33. Rd2 Rd8 34.
Rdf2 Rde8 35. Rd2 Rd8 36. Rdf2 Rde8 1/2-1/2

[Event "Druga liga Srbije - Vojvodina 2008"]
[Site "Sombor"]
[Date "2008.10.04"]
[Round "6"]
[White "Cabarkapa, Velibor"]
[Black "Jakovljev, Zoran"]
[Result "1-0"]
[WhiteElo "2289"]
[BlackElo "2233"]
[PlyCount "61"]
[EventDate "2008.??.??"]
[Source "Perpetual Check"]

1. e4 Nc6 2. Nf3 d5 3. exd5 Qxd5 4. Nc3 Qa5 5. Bc4 Bg4 6. h3 Qh5 7. Be2 O-O-O
8. O-O Nf6 9. hxg4 Nxg4 10. d3 f5 11. Bf4 g5 12. Nxg5 e5 13. Bxg4 fxg4 14. Be3
Bh6 15. Nge4 Bf4 16. Bxf4 exf4 17. Nf6 Qg6 18. Qxg4+ Qxg4 19. Nxg4 Rhg8 20. f3
Nd4 21. Rf2 h5 22. Nf6 Rg6 23. Nxh5 Rf8 24. Nd5 Rh6 25. Ndxf4 b6 26. Re1 Kb7
27. g4 a5 28. c3 Nc6 29. d4 Rg8 30. Re6 Rhh8 31. Rfe2 1-0

[Event "Druga liga Srbije - Vojvodina 2008"]
[Site "Sombor"]
[Date "2008.10.04"]
[Round "6"]
[White "Szuhanek, Ranko"]
[Black "Kosic, Dragan"]
[Result "1/2-1/2"]
[WhiteElo "2457"]
[BlackElo "2511"]
[PlyCount "26"]
[EventDate "2008.??.??"]
[Source "Perpetual Check"]

1. Nf3 Nf6 2. c4 c5 3. Nc3 Nc6 4. d4 cxd4 5. Nxd4 g6 6. e4 d6 7. Be2 Bg7 8. Be3
O-O 9. O-O Bd7 10. Qd2 Nxd4 11. Bxd4 Bc6 12. f3 Nd7 13. Be3 a5 1/2-1/2

[Event "Druga liga Srbije - Vojvodina 2008"]
[Site "Sombor"]
[Date "2008.10.04"]
[Round "6"]
[White "Zlatic, Mihajlo"]
[Black "Lekic, Dusan"]
[Result "1-0"]
[WhiteElo "2471"]
[BlackElo "2394"]
[PlyCount "69"]
[EventDate "2008.??.??"]
[Source "Perpetual Check"]

1. e4 c5 2. Nf3 d6 3. d4 cxd4 4. Nxd4 Nf6 5. Nc3 Nc6 6. Bc4 e6 7. Bb3 a6 8. f4
Be7 9. Be3 O-O 10. Qf3 Nxd4 11. Bxd4 b5 12. Bxf6 Bxf6 13. e5 Bh4+ 14. g3 Rb8
15. gxh4 Bb7 16. Ne4 dxe5 17. Rg1 g6 18. Rd1 Qxh4+ 19. Qf2 Qxf2+ 20. Nxf2 exf4
21. Nd3 a5 22. a3 Rbc8 23. c3 a4 24. Ba2 e5 25. Kf2 Rfe8 26. Rge1 Rcd8 27. Nc5
Rxd1 28. Rxd1 Bc8 29. Ne4 Kg7 30. Nd6 Rd8 31. Nxc8 Rxc8 32. Rd7 b4 33. axb4 a3
34. b5 Rc5 35. Rd5 1-0

[Event "Druga liga Srbije - Vojvodina 2008"]
[Site "Sombor"]
[Date "2008.10.04"]
[Round "6"]
[White "Stojanovic, Zoran"]
[Black "Kizov, Atanas"]
[Result "1/2-1/2"]
[WhiteElo "2251"]
[BlackElo "2439"]
[PlyCount "45"]
[EventDate "2008.??.??"]
[Source "Perpetual Check"]

1. d4 d5 2. c4 dxc4 3. e3 e5 4. Bxc4 exd4 5. exd4 Bd6 6. Nf3 Nf6 7. O-O O-O 8.
h3 h6 9. Nc3 Nc6 10. Re1 Bf5 11. a3 a6 12. Ne5 Bxe5 13. dxe5 Qxd1 14. Nxd1 Nd7
15. f4 Nb6 16. Ne3 Be6 17. Be2 Nd4 18. Bg4 Bxg4 19. hxg4 Nb3 20. Rb1 Rad8 21.
Nf5 Rfe8 22. Be3 Nd5 23. Kf2 {dalje je necitko} 1/2-1/2

[Event "Druga liga Srbije - Vojvodina 2008"]
[Site "Sombor"]
[Date "2008.10.04"]
[Round "6"]
[White "Dragojlovic, Andjelko"]
[Black "Mijatovic, Dejan"]
[Result "1/2-1/2"]
[WhiteElo "2393"]
[BlackElo "2278"]
[PlyCount "152"]
[EventDate "2008.??.??"]
[Source "Perpetual Check"]

1. Nf3 Nf6 2. g3 g6 3. Bg2 Bg7 4. O-O O-O 5. d3 d5 6. Nbd2 Nbd7 7. e4 dxe4 8.
dxe4 e5 9. Qe2 Qe7 10. Rd1 Nc5 11. b3 b6 12. Bb2 Nfd7 13. h4 a5 14. a4 Nb8 15.
h5 Bg4 16. hxg6 hxg6 17. Nf1 Nc6 18. N1h2 Bxf3 19. Nxf3 Rfd8 20. Ne1 Rxd1 21.
Rxd1 Rd8 22. Bc3 Rxd1 23. Qxd1 Nd4 24. Bd2 Qd7 25. Be3 Nde6 26. Qxd7 Nxd7 27.
Bf1 Kf8 28. Bc4 Ndc5 29. f3 Ke7 30. c3 Bf6 31. Nc2 Bg5 32. Bf2 Bd2 33. Ne3 c6
34. Nd1 b5 35. Bxe6 Nxe6 36. Bb6 bxa4 37. bxa4 Kd7 38. Kf1 Bc1 39. Ke2 Ba3 40.
Kd3 Nc5+ 41. Bxc5 Bxc5 42. Nb2 Bb6 43. Nc4 Bc7 44. Ke3 Ke6 45. Kf2 Kd7 46. Kg2
Ke6 47. Kh3 Bd8 48. Kg2 Bc7 49. Kf1 Bd8 50. Ke2 Bc7 51. Kd3 Bd8 52. Nd2 Bb6 53.
Nb3 Kd6 54. c4 Ke6 55. c5 Bd8 56. Nd2 Bc7 57. Nc4 Ke7 58. Ke2 Ke6 59. Kf2 f6
60. Ke2 Kd7 61. Kd3 Bd8 62. Ne3 Be7 63. Kc4 Ke6 64. Ng2 Bf8 65. Nh4 Kf7 66. f4
exf4 67. gxf4 Bh6 68. f5 g5 69. Ng2 g4 70. Kd4 Bc1 71. Kd3 g3 72. Ke2 Ba3 73.
Kf3 Bxc5 74. Kxg3 Ke7 75. Ne1 Bd4 76. Kf3 {Necitko dlje} 76... c5 1/2-1/2

[Event "Druga liga Srbije - Vojvodina 2008"]
[Site "Sombor"]
[Date "2008.10.04"]
[Round "6"]
[White "Bokan, Danko"]
[Black "Miranovic, Rajko"]
[Result "1-0"]
[WhiteElo "2323"]
[BlackElo "2383"]
[PlyCount "45"]
[EventDate "2008.??.??"]
[Source "Perpetual Check"]

1. e4 d5 2. exd5 Qxd5 3. Nc3 Qd6 4. d4 Nf6 5. Bc4 a6 6. Nge2 Qc6 7. Qd3 Qxg2 8.
Rg1 Qh3 9. Ng3 Nc6 10. Bf4 Qd7 11. O-O-O b5 12. Bb3 Bb7 13. Nge4 e6 14. Nxf6+
gxf6 15. d5 Na5 16. Qg3 e5 17. Bxe5 Qf5 18. Bxc7 Nxb3+ 19. axb3 Bh6+ 20. Kb1
Kd7 21. Qd6+ Kc8 22. Qc5 Kd7 23. Qb6 1-0

[Event "Druga liga Srbije - Vojvodina 2008"]
[Site "Sombor"]
[Date "2008.10.04"]
[Round "6"]
[White "Bulajic, Ratko"]
[Black "Jovic, Stevan"]
[Result "0-1"]
[WhiteElo "2346"]
[BlackElo "2238"]
[PlyCount "130"]
[EventDate "2008.??.??"]
[Source "Perpetual Check"]

1. d4 d5 2. c4 c6 3. Nf3 Nf6 4. g3 Bf5 5. Nc3 e6 6. Bg2 Nbd7 7. Nh4 Bg6 8. b3
Be7 9. Qd3 Bh5 10. h3 Ng8 11. Nf3 Bg6 12. Qd1 Ngf6 13. O-O Ne4 14. Bb2 a5 15.
Nd2 Nxc3 16. Bxc3 Nf6 17. e4 Nxe4 18. Nxe4 dxe4 19. Qe2 f5 20. f3 exf3 21. Bxf3
Qd6 22. Kg2 Bf6 23. Rfe1 Kf7 24. c5 Qd7 25. Qc4 Rhe8 26. Rad1 Kf8 27. a4 Bd8
28. Qe2 Bf7 29. Qf2 Kg8 30. Bd2 Bc7 31. Bf4 Qe7 32. Bxc7 Qxc7 33. Re5 Rad8 34.
Be2 Rd7 35. Bc4 Qxe5 36. dxe5 Rxd1 37. Qe3 h6 38. Be2 Rd7 39. Qc3 Ra8 40. h4 g6
41. Kf2 Kg7 42. g4 fxg4 43. Bxg4 Bg8 44. Ke1 Rf8 45. Qe3 Rdf7 46. Qh3 Rf4 47.
Kd2 h5 48. Be2 Rd8+ 49. Ke3 Rdd4 50. Qg3 Rfe4+ 51. Kf3 Rg4 52. Qe1 Rxh4 53.
Qxa5 Rh3+ 54. Kg2 Rxb3 55. Qc7+ Bf7 56. Qe7 Rd2 57. Qf6+ Kg8 58. Kf1 Rb1+ 59.
Kf2 Rbb2 60. Kg3 Rxe2 61. Qd8+ Kh7 62. Qf8 Rf2 63. a5 g5 64. Qe7 Kg6 65. a6 h4+
0-1

[Event "Druga liga Srbije - Vojvodina 2008"]
[Site "Sombor"]
[Date "2008.10.04"]
[Round "6"]
[White "Markov, Slobodan"]
[Black "Popovic, Milos T"]
[Result "0-1"]
[WhiteElo "2163"]
[BlackElo "2403"]
[PlyCount "68"]
[EventDate "2008.??.??"]
[Source "Perpetual Check"]

1. b4 c6 2. c4 d5 3. e3 Bf5 4. Qb3 e6 5. Bb2 Nf6 6. Nf3 Nbd7 7. Be2 a5 8. a3
axb4 9. axb4 Rxa1 10. Bxa1 Qb6 11. b5 Nc5 12. Qb2 Nd3+ 13. Bxd3 Bxd3 14. Nc3
dxc4 15. Ne5 Bd6 16. Nxd3 cxd3 17. Qb1 O-O 18. Qxd3 Rd8 19. Qb1 Bb8 20. Qb2 Qc5
21. O-O Qd6 22. g3 e5 23. bxc6 bxc6 24. Qb3 h5 25. Qc4 Qd7 26. Kg2 Qf5 27. Qxc6
e4 28. Qb5 Qf3+ 29. Kg1 h4 30. Qe2 Qf5 31. f3 hxg3 32. fxe4 gxh2+ 33. Kh1 Qg6
34. d3 Nh5 0-1

[Event "Druga liga Srbije - Vojvodina 2008"]
[Site "Sombor"]
[Date "2008.10.04"]
[Round "6"]
[White "Nikac, Predrag"]
[Black "Galo, Dejan"]
[Result "1/2-1/2"]
[WhiteElo "2390"]
[BlackElo "2092"]
[PlyCount "45"]
[EventDate "2008.??.??"]
[Source "Perpetual Check"]

1. e4 Nc6 2. f4 d5 3. e5 Bf5 4. d4 e6 5. Ne2 Nb4 6. Na3 c5 7. Ng3 Bg6 8. Be3
cxd4 9. Qxd4 a6 10. Bd2 Qa5 11. c3 Nc6 12. Qf2 Bc5 13. Qf3 Nge7 14. Bd3 Bxd3
15. Qxd3 Bxa3 16. bxa3 Qxa3 17. O-O g6 18. Rfb1 b5 19. Be3 Nf5 20. Rb3 Qa5 21.
Nxf5 exf5 22. Qd2 Rd8 23. Qf2 {dalje je necitko} 1/2-1/2

[Event "Druga liga Srbije - Vojvodina 2008"]
[Site "Sombor"]
[Date "2008.10.04"]
[Round "6"]
[White "Velickovic, Sasa"]
[Black "Roganovic, Milos"]
[Result "0-1"]
[WhiteElo "2410"]
[BlackElo "2458"]
[PlyCount "86"]
[EventDate "2008.??.??"]
[Source "Perpetual Check"]

1. e4 c5 2. Nf3 Nc6 3. Nc3 e6 4. Bb5 Nd4 5. Bd3 Ne7 6. Nxd4 cxd4 7. Ne2 Nc6 8.
O-O Bc5 9. Ng3 O-O 10. Be2 d5 11. d3 b6 12. a3 a5 13. Kh1 Bb7 14. Bd2 dxe4 15.
dxe4 Ne5 16. b4 axb4 17. axb4 Be7 18. Rxa8 Qxa8 19. f4 Nd7 20. Bd3 Bh4 21. Qe2
Bxg3 22. hxg3 Nf6 23. Re1 h5 24. Kg1 Ng4 25. Qd1 g6 26. Qe2 Re8 27. Qf1 Qd8 28.
Qe2 Kf8 29. Ra1 f5 30. Ra7 Qb8 31. Ra1 Qd8 32. Ra7 Re7 33. b5 Kg7 34. Bb4 Rc7
35. exf5 gxf5 36. Bc4 Be4 37. Rxc7+ Qxc7 38. Bd3 Qb7 39. Qd2 Bxd3 40. cxd3 Qa8
41. Qb2 Qa4 42. Be1 Qd1 43. Qd2 Qb1 0-1

[Event "Druga liga Srbije - Vojvodina 2008"]
[Site "Sombor"]
[Date "2008.10.04"]
[Round "6"]
[White "Balog, Imre"]
[Black "Radlovacki, Jovan"]
[Result "1-0"]
[WhiteElo "2423"]
[BlackElo "2390"]
[PlyCount "131"]
[EventDate "2008.??.??"]
[Source "Perpetual Check"]

1. d4 c6 2. c4 d5 3. Nf3 Nf6 4. g3 Bf5 5. Nc3 e6 6. Bg2 h6 7. Qb3 Qb6 8. c5 Qc7
9. Bf4 Qc8 10. O-O Nbd7 11. Rfc1 g5 12. Be3 Bg7 13. Qd1 Bh7 14. h4 Ng4 15. Bd2
gxh4 16. Nxh4 f5 17. Bf4 O-O 18. Bd6 Rf7 19. e3 Bf6 20. Bf4 Rg7 21. Nf3 h5 22.
Kf1 Qd8 23. Qb3 Nf8 24. Ke2 h4 25. Rh1 hxg3 26. Bxg3 b6 27. Na4 Qc8 28. Rag1
Qa6+ 29. Kd1 Nd7 30. Bf1 Qa5 31. cxb6 axb6 32. Nc3 b5 33. a3 Be7 34. Bd3 b4 35.
axb4 Qxb4 36. Qxb4 Bxb4 37. Kd2 Rf8 38. Ke2 Bg6 39. Bf4 Re8 40. Nh4 Nf8 41. f3
e5 42. dxe5 Nxe5 43. Bxf5 Bxf5 44. Nxf5 Rxg1 45. Rxg1+ Kf7 46. Na2 Bc5 47. Rc1
Neg6 48. Rxc5 Nxf4+ 49. Kd2 Ra8 50. Nc3 N8e6 51. Rxc6 d4 52. Nxd4 Rd8 53. Ne4
Nxd4 54. exd4 Ne6 55. Rd6 Rb8 56. d5 Nd4 57. Kd3 Rb4 58. Rd7+ Ke8 59. Nf6+ Kf8
60. Kc3 Ra4 61. d6 Nb5+ 62. Kb3 Rf4 63. Ne4 Nd4+ 64. Kc3 Nxf3 65. Nc5 Ne5 66.
Ne6+ 1-0

[Event "Druga liga Srbije - Vojvodina 2008"]
[Site "Sombor"]
[Date "2008.10.04"]
[Round "6"]
[White "Andrijevic, Milan"]
[Black "Dekic, Josip"]
[Result "1/2-1/2"]
[WhiteElo "2367"]
[BlackElo "2342"]
[PlyCount "36"]
[EventDate "2008.??.??"]
[Source "Perpetual Check"]

1. e4 c5 2. Nf3 a6 3. d4 cxd4 4. Nxd4 Nf6 5. Nc3 e5 6. Nb3 Bb4 7. Bg5 h6 8.
Bxf6 Bxc3+ 9. bxc3 Qxf6 10. Bc4 d6 11. O-O O-O 12. Bd5 Qd8 13. Nd2 Qc7 14. Nc4
Nd7 15. Rb1 Nf6 16. Nb6 Rb8 17. c4 Nd7 18. Nxd7 Bxd7 1/2-1/2

[Event "Druga liga Srbije - Vojvodina 2008"]
[Site "Sombor"]
[Date "2008.10.04"]
[Round "6"]
[White "Novakovic, Dragan"]
[Black "Kostic, Vladimir V"]
[Result "0-1"]
[WhiteElo "2291"]
[BlackElo "2289"]
[PlyCount "103"]
[EventDate "2008.??.??"]
[Source "Perpetual Check"]

1. d4 f5 2. Nf3 Nf6 3. c4 g6 4. Nc3 Bg7 5. g3 d6 6. Bg2 O-O 7. O-O c6 8. Qc2
Na6 9. Rd1 Kh8 10. a3 Nc7 11. b4 Qe8 12. Bb2 Be6 13. d5 cxd5 14. cxd5 Bd7 15.
a4 Rc8 16. Qb3 h6 17. Nd4 Ng4 18. h3 Nf6 19. b5 Rb8 20. Qb4 g5 21. Qa5 b6 22.
Qxa7 Qc8 23. a5 Rb7 24. axb6 Rxa7 25. Rxa7 Nxb5 26. Ndxb5 Bxb5 27. b7 Qc5 28.
Ra5 Qc7 29. Rxb5 Rb8 30. Na2 Rxb7 31. Rxb7 Qxb7 32. Bxf6 Bxf6 33. Nc1 Qb1 34.
Rf1 Qc2 35. Bf3 Qc4 36. g4 h5 37. gxf5 g4 38. hxg4 hxg4 39. Bg2 Qc2 40. Kh1 Bg5
41. Nd3 Qxe2 42. Nb4 Qe5 43. Nc6 Qxf5 44. Kg1 Bh4 45. Nd4 Qf6 46. Ne6 Kh7 47.
Be4+ Kg8 48. Bg2 Kf7 49. Be4 Qf4 50. Bg2 Kf6 51. Bh1 Kf5 52. Bg2 {
dalje je necitko} 0-1

[Event "Druga liga Srbije - Vojvodina 2008"]
[Site "Sombor"]
[Date "2008.10.04"]
[Round "6"]
[White "Kostic, Branimir"]
[Black "Tokovic, Svetozar"]
[Result "1-0"]
[WhiteElo "2289"]
[BlackElo "2254"]
[PlyCount "77"]
[EventDate "2008.??.??"]
[Source "Perpetual Check"]

1. d4 d5 2. c4 c6 3. Nf3 Nf6 4. Nc3 a6 5. c5 Nbd7 6. Bf4 Nh5 7. Bd2 Qc7 8. e4
dxe4 9. Nxe4 Nhf6 10. Nxf6+ Nxf6 11. Bc4 Bg4 12. Qb3 e6 13. Ne5 Bf5 14. O-O Rd8
15. Ba5 Qxa5 16. Qxb7 Nd7 17. Nxc6 Be4 18. Nxa5 Bxb7 19. Nxb7 Ra8 20. b4 Ra7
21. Na5 Be7 22. Nc6 Ra8 23. d5 Bf6 24. Rad1 Nb8 25. Na5 exd5 26. Rfe1+ Kf8 27.
Rxd5 g6 28. a3 Kg7 29. g3 Ra7 30. Kg2 Rc8 31. Red1 Bb2 32. Rd8 Rxd8 33. Rxd8
Be5 34. Rxb8 Bxb8 35. Nc6 Ra8 36. Nxb8 Rxb8 37. Bxa6 Ra8 38. b5 Kf8 39. c6 1-0

[Event "Druga liga Srbije - Vojvodina 2008"]
[Site "Sombor"]
[Date "2008.10.04"]
[Round "6"]
[White "Strangar, Zlatko"]
[Black "Orlov, Konstantin"]
[Result "1-0"]
[WhiteElo "2174"]
[BlackElo "2247"]
[PlyCount "83"]
[EventDate "2008.??.??"]
[Source "Perpetual Check"]

1. e4 c5 2. Nf3 e6 3. d3 Nc6 4. g3 Nf6 5. Bg2 d5 6. Nbd2 Be7 7. O-O O-O 8. e5
Nd7 9. Re1 Qc7 10. Qe2 b5 11. h4 Bb7 12. Nf1 Rac8 13. Bf4 a5 14. N1h2 Nb6 15.
Ng5 h6 16. Qh5 hxg5 17. hxg5 Nd7 18. Ng4 Qd8 19. Kh2 Nd4 20. Rh1 g6 21. Qh3
Bxg5 22. Kg1 Bh4 23. Nf6+ Nxf6 24. Bg5 Nh5 25. Bxd8 Bxd8 26. c3 Nc6 27. g4 Nxe5
28. gxh5 g5 29. Qg3 f6 30. d4 cxd4 31. cxd4 Nf7 32. Qd3 Nd6 33. Qg6+ Kh8 34.
Bh3 Nf5 35. Bxf5 exf5 36. Re1 Bc6 37. Rh3 Rc7 38. Rhe3 Rg7 39. Qxf5 Bd7 40.
Qxd5 f5 41. Re6 Bxe6 42. Rxe6 {dalje je necitko} 1-0

[Event "Druga liga Srbije - Vojvodina 2008"]
[Site "Sombor"]
[Date "2008.10.04"]
[Round "6"]
[White "Bodiroga, Predrag"]
[Black "Bogosavljevic, Boban"]
[Result "0-1"]
[WhiteElo "2435"]
[BlackElo "2541"]
[PlyCount "94"]
[EventDate "2008.??.??"]
[Source "Perpetual Check"]

1. d4 d5 2. c4 c6 3. Nc3 Nf6 4. e3 e6 5. Nf3 Nbd7 6. Qc2 Bd6 7. g4 h6 8. h3 Qe7
9. Bd2 dxc4 10. e4 e5 11. Bxc4 b5 12. Bd3 O-O 13. O-O-O Bb7 14. g5 hxg5 15.
Bxg5 b4 16. Ne2 c5 17. d5 Bxd5 18. exd5 e4 19. Bb5 exf3 20. Ng3 Bxg3 21. fxg3
c4 22. Rhe1 Qd6 23. Bxd7 b3 24. axb3 cxb3 25. Qxb3 Nxd7 26. Bf4 Qg6 27. Qd3 f2
28. Rf1 Qb6 29. Qd4 Nc5 30. Kb1 Qg6+ 31. Ka2 Qa6+ 32. Kb1 Rfc8 33. Qb4 Qg6+ 34.
Ka2 a5 35. Qb5 a4 36. Rc1 Nd3 37. Rc6 Qe4 38. Bd6 a3 39. Rxc8+ Rxc8 40. Bxa3
Nc1+ 41. Ka1 Qe1 42. Qa6 Ne2+ 43. Ka2 Rc1 44. Qa8+ Kh7 45. Qd8 Ra1+ 46. Kb3
Nd4+ 47. Ka4 f6 0-1

[Event "Druga liga Srbije - Vojvodina 2008"]
[Site "Sombor"]
[Date "2008.10.04"]
[Round "6"]
[White "Drazic, Sinisa"]
[Black "Somborski, Nebojsa"]
[Result "1/2-1/2"]
[WhiteElo "2528"]
[BlackElo "2379"]
[PlyCount "134"]
[EventDate "2008.??.??"]
[Source "Perpetual Check"]

1. b3 e5 2. Bb2 Nc6 3. e3 Nf6 4. Bb5 Bd6 5. Na3 Na5 6. Nc4 Nxc4 7. Bxc4 a6 8.
Be2 O-O 9. Bf3 Re8 10. d3 Bb4+ 11. c3 Bf8 12. e4 d5 13. Qc2 h6 14. Ne2 c6 15.
h3 Nh7 16. h4 a5 17. a3 f5 18. Bh5 Re7 19. Bg6 dxe4 20. dxe4 f4 21. c4 Qb6 22.
h5 f3 23. Bxh7+ Kxh7 24. gxf3 Kg8 25. Rd1 Qc7 26. Qc3 Bd7 27. Ng3 Rf7 28. Rd3
Re8 29. O-O Bc5 30. Qd2 Be6 31. b4 axb4 32. axb4 Be7 33. Qc3 Bg5 34. Rfd1 Bf4
35. c5 Qe7 36. Kg2 Qg5 37. Bc1 g6 38. Rg1 Rg7 39. Kf1 gxh5 40. Bxf4 exf4 41.
Ne2 Bh3+ 42. Ke1 Bg2 43. Qd2 Rf8 44. Nd4 Qe5 45. Qa2+ Kh7 46. Qe6 Re8 47. Qxe5
Rxe5 48. Ne2 h4 49. Nxf4 h3 50. Nxg2 h2 51. Rh1 Rxg2 52. Ke2 Rh5 53. Rdd1 Kg6
54. f4 Rh3 55. Kf1 Rg4 56. f5+ Kg5 57. Re1 Kf4 58. e5 Kxf5 59. e6 Rg8 60. e7
Re8 61. Kg2 Rh5 62. Re3 Kf6 63. Rxh2 Rxh2+ 64. Kxh2 Rxe7 65. Rh3 Re4 66. Rxh6+
Kg7 67. Rd6 Rxb4 1/2-1/2

[Event "Druga liga Srbije - Vojvodina 2008"]
[Site "Sombor"]
[Date "2008.10.04"]
[Round "6"]
[White "Lalic, Dragan"]
[Black "Petkovic, Radosav"]
[Result "1-0"]
[WhiteElo "2367"]
[BlackElo "2313"]
[PlyCount "65"]
[EventDate "2008.??.??"]
[Source "Perpetual Check"]

1. Nf3 d6 2. e4 Nf6 3. Nc3 e5 4. d4 exd4 5. Nxd4 g6 6. g3 Bg4 7. f3 Bd7 8. Bg5
Bg7 9. Qd2 h6 10. Be3 Nc6 11. Nxc6 bxc6 12. Bc4 Be6 13. Bb3 Nd7 14. f4 Bh3 15.
O-O-O O-O 16. Bd4 Be6 17. Bxg7 Kxg7 18. Bxe6 fxe6 19. e5 d5 20. h4 Nb6 21. h5
Qe8 22. Rdf1 gxh5 23. g4 Nc4 24. Qe2 hxg4 25. b3 Nb6 26. Qxg4+ Qg6 27. Qh4 Kf7
28. Rfg1 Qf5 29. Ne2 Ke8 30. Nd4 Qf7 31. Qxh6 Rg8 32. Nxe6 Kd7 33. Ng5 1-0

[Event "Druga liga Srbije - Vojvodina 2008"]
[Site "Sombor"]
[Date "2008.10.04"]
[Round "6"]
[White "Munizaba, Slobodan"]
[Black "Perisic, Radivoj"]
[Result "1-0"]
[WhiteElo "2307"]
[BlackElo "2318"]
[PlyCount "89"]
[EventDate "2008.??.??"]
[Source "Perpetual Check"]

1. Nf3 Nf6 2. c4 e6 3. g3 b6 4. Bg2 Bb7 5. O-O Be7 6. d4 O-O 7. Nc3 Ne4 8. Bd2
Bf6 9. Rc1 c5 10. Qc2 Nxd2 11. Qxd2 d6 12. Rfd1 cxd4 13. Nxd4 Bxg2 14. Kxg2 a6
15. Nf3 Be7 16. Ne4 Qc7 17. Rc3 Rd8 18. Rd3 Nd7 19. b4 Ne5 20. Nxe5 dxe5 21.
Qc3 f5 22. Rxd8+ Rxd8 23. Rxd8+ Qxd8 24. Nd2 Qd4 25. Qxd4 exd4 26. b5 a5 27. f4
Kf7 28. Nb3 Bf6 29. a4 Ke7 30. c5 bxc5 31. Nxa5 Kd6 32. Nc4+ Kc7 33. a5 Kb7 34.
h4 g6 35. Kf1 d3 36. exd3 Bc3 37. a6+ Ka7 38. Ke2 Bd4 39. Kf3 Bg1 40. Ne5 Kb6
41. Nd7+ Ka7 42. Ne5 Kb6 43. Nd7+ Ka7 44. Nf8 Kb6 45. Nxh7 1-0

[Event "Druga liga Srbije - Vojvodina 2008"]
[Site "Sombor"]
[Date "2008.10.04"]
[Round "6"]
[White "Strbac, Mladen"]
[Black "Djonin, Bosko"]
[Result "1-0"]
[WhiteElo "2300"]
[BlackElo "2285"]
[PlyCount "87"]
[EventDate "2008.??.??"]
[Source "Perpetual Check"]

1. e4 c6 2. d4 d5 3. e5 Bf5 4. c4 e6 5. Nc3 dxc4 6. Bxc4 Nd7 7. a3 Nb6 8. Bb3
Ne7 9. Nge2 Ned5 10. O-O h5 11. Ng3 Bg6 12. f4 h4 13. f5 exf5 14. Nxf5 Qd7 15.
Qg4 O-O-O 16. Nxd5 cxd5 17. Bg5 Bxf5 18. Rac1+ Kb8 19. Qxf5 Qxf5 20. Rxf5 Rd7
21. Rcf1 f6 22. exf6 gxf6 23. Bxf6 Bg7 24. Bxg7 Rxg7 25. h3 Rhg8 26. Rf8+ Kc7
27. Rxg8 Rxg8 28. Rf4 Rg3 29. Rf3 Rg6 30. Kf2 Kc6 31. Bc2 Rh6 32. b3 Nd7 33. g4
hxg3+ 34. Kxg3 Nf6 35. Kf4 Rh5 36. Bf5 Rh8 37. Re3 Nh5+ 38. Kg5 Ng7 39. Bg6 Kd6
40. Bf7 Rf8 41. Kg6 Nf5 42. Re6+ Kd7 43. Re5 Ne7+ 44. Kg7 1-0

[Event "Druga liga Srbije - Vojvodina 2008"]
[Site "Sombor"]
[Date "2008.10.04"]
[Round "6"]
[White "Zivkovic, Negosim"]
[Black "Vajdic, Nikola"]
[Result "0-1"]
[WhiteElo "2237"]
[BlackElo "2269"]
[PlyCount "58"]
[EventDate "2008.??.??"]
[Source "Perpetual Check"]

1. e4 c5 2. Nc3 Nc6 3. g3 g6 4. Bg2 Bg7 5. Nge2 e6 6. O-O Nge7 7. Nf4 O-O 8.
Nce2 d5 9. d3 dxe4 10. dxe4 Qc7 11. c3 b6 12. Qc2 Ba6 13. Rd1 Rad8 14. Be3 Ne5
15. Rxd8 Rxd8 16. Rd1 N7c6 17. Rxd8+ Qxd8 18. Qa4 Bc4 19. f3 g5 20. Nc1 gxf4
21. gxf4 Bh6 22. b3 Qh4 23. Bf2 Qxf4 24. bxc4 Qxc1+ 25. Bf1 Nxf3+ 26. Kg2 Nfe5
27. Be2 Qxc3 28. Qa6 Qc2 29. Kf1 Qb1+ 0-1